000 00703nam a2200205 4500
999 _c370946
_d370946
008 201207b ||||| |||| 00| 0 eng d
040 _bger
_cDE-2950
_erda
_aDE-2950
041 _ager
100 _aKnüppel, Michael:
245 _aDie Chinoiserien von Sanssouci/
_cMichael Knüppel
264 _c2021
490 _aDie Mark Brandenburg
_vHeft 122: China In Brandenburg
653 _aSanssouci (Potsdam / Staatl. Schlösser u. Gärten)
653 _aChinoiserie
773 _dBerlin: Die Mark Brandenburg - Verlag für Regional- und Zeitgeschichte
_g(2021) Heft 122, S. 10-15: Abb.
_tDie Mark Brandenburg
942 _cA